| 000 | 00454nam a2200181Ia 4500 | ||
|---|---|---|---|
| 005 | 20250508153341.0 | ||
| 008 | 008 250505s9999 xx 000 0 ger d | ||
| 037 | _aBooks to be hide in OPAC | ||
| 040 |
_aFEDL _beng _cFEDL |
||
| 041 |
_ager _2eng |
||
| 084 | _qFEDL | ||
| 100 |
_aBaar Ewald _9763744 |
||
| 245 | 0 | _aDie deutsche fortbildungsschule im jahre 1909 | |
| 260 | _c1910 | ||
| 300 | _a120p. | ||
| 942 | _cHB | ||
| 999 |
_c1342204 _d1342204 |
||